000 00356nam a2200157Ia 4500
100 _aPhilips Semiconductor
650 _aElectrical Engineering
942 _cRB
654 _aDiodes
245 _aDiodes
260 _bEindhoven : Philips Semiconductor
_aIndia
_c1992
082 _a621.381522
_bPHI
300 _a988
546 _aENGLISH
999 _c30922
_d30922